Introduction to mathematical physics / (Record no. 53048)
[ view plain ]
| 000 -LEADER | |
|---|---|
| fixed length control field | 00792nam a2200265 a 4500 |
| 001 - CONTROL NUMBER | |
| control field | 53048 |
| 003 - CONTROL NUMBER IDENTIFIER | |
| rucl marc code | BD-RjUL |
| 005 - DATE AND TIME OF LATEST TRANSACTION | |
| control field | 20211209075911.0 |
| 008 - FIXED-LENGTH DATA ELEMENTS--GENERAL INFORMATION | |
| fixed length control field | 161002s1976 njua b 001 0 eng |
| 020 ## - INTERNATIONAL STANDARD BOOK NUMBER | |
| International Standard Book Number | 8120302621 |
| 035 ## - SYSTEM CONTROL NUMBER | |
| System control number | (BD-RjUL)53168 |
| 040 ## - CATALOGING SOURCE | |
| Original cataloging agency | DLC |
| Transcribing agency | DLC |
| Modifying agency | DLC |
| Language of cataloging | eng |
| 041 ## - LANGUAGE CODE | |
| Language code of text/sound track or separate title | eng |
| 082 00 - DEWEY DECIMAL CLASSIFICATION NUMBER | |
| Classification number | 530.15 |
| Edition number | 23 |
| Author mark and year | HAI 1976 |
| 100 1# - MAIN ENTRY--PERSONAL NAME | |
| Personal name | Harper, Charlie, |
| Dates associated with a name | 1931- |
| 9 (RLIN) | 158551 |
| 245 10 - TITLE STATEMENT | |
| Title | Introduction to mathematical physics / |
| Statement of responsibility, etc. | Charlie Harper. |
| 260 ## - PUBLICATION, DISTRIBUTION, ETC. (IMPRINT) | |
| Place of publication, distribution, etc. | Englewood Cliffs, N.J. : |
| Name of publisher, distributor, etc. | Prentice-Hall, |
| Date of publication, distribution, etc. | c1976 [printing 2003]. |
| 300 ## - PHYSICAL DESCRIPTION | |
| Pagination | xvi, 301 p. : |
| Illustrations | ill. ; |
| Size | 24 cm. |
| 490 0# - SERIES STATEMENT | |
| Series statement | Prentice-Hall physics series. |
| 500 ## - GENERAL NOTE | |
| General note | Includes index. |
| 504 ## - BIBLIOGRAPHY, ETC. NOTE | |
| Bibliography, etc | Bibliography: p. 287-288. |
| 650 #0 - SUBJECT ADDED ENTRY--TOPICAL TERM | |
| Topical term or geographic name as entry element | Mathematical physics. |
| 9 (RLIN) | 122138 |
| 942 ## - ADDED ENTRY ELEMENTS (KOHA) | |
| Source of classification or shelving scheme | Dewey Decimal Classification |
| Koha item type | Books |
| Lost status | Source of classification or shelving scheme | Damaged status | Not for loan | Collection code | Permanent Location | Current Location | Shelving location | Date acquired | Source of acquisition | Cost, normal purchase price | Total Checkouts | Full call number | Date last seen | Copy number | Koha item type |
|---|---|---|---|---|---|---|---|---|---|---|---|---|---|---|---|
| Dewey Decimal Classification | Non-fiction | Central Library, University of Rajshahi | Central Library, University of Rajshahi | 10/05/2008 | Paragon Enterprises Dhaka | 150.00 | 530.15 HAI 1976 | 02/10/2016 | C-2 | Books | |||||
| Dewey Decimal Classification | Not For Loan | Non-fiction | Central Library, University of Rajshahi | Central Library, University of Rajshahi | Reading Room | 26/02/2008 | Dhaka, Paragon Enterprises Ltd. | 125.00 | 530.15 HAI 2003 | 29/03/2017 | C-1 | Books |